Tesoro de las dos lenguas española y francesa / (Record no. 161167)

MARC details
000 -LEADER
campo de control de longitud fija 01240nam a2200289 i 4500
001 - NÚMERO DE CONTROL
campo de control 161167
003 - IDENTIFICADOR DE NÚMERO DE CONTROL
campo de control ES-MaACL
005 - FECHA Y HORA DE LA ÚLTIMA TRANSACCIÓN
campo de control 20250730063142.0
008 - DATOS DE LONGITUD FIJA--INFORMACIÓN GENERAL
campo de control de longitud fija 931025s1660 be |||| | spa d
040 ## - FUENTE DE CATALOGACIÓN
Centro catalogador/agencia de origen AR
Lengua de catalogación spa
Centro/agencia transcriptor PAB
100 1# - ENTRADA PRINCIPAL--NOMBRE DE PERSONA
Nombre de persona Oudin, Cesar,
Fechas asociadas al nombre -1625
9 (RLIN) 130749
245 10 - MENCIÓN DEL TÍTULO
Título Tesoro de las dos lenguas española y francesa /
Mención de responsabilidad, etc. de Caesar Oudin ; añadido conforme a las memorias del autor con muchas frasis y dicciones y con el vocabulario de xerigonça en su orden alfabetico por Antonio Oudin...
250 ## - MENCION DE EDICION
Mención de edición Nuevamente corregido y aumentado...
Resto de la mención de edición por Juan Momarte...
260 ## - PUBLICACIÓN, DISTRIBUCIÓN, ETC.
Lugar de publicación, distribución, etc. En Bruselas :
Nombre del editor, distribuidor, etc. en casa del dicho Juan Momarte,
Fecha de publicación, distribución, etc. 1660.
300 ## - DESCRIPCIÓN FÍSICA
Extensión [556] p. ;
Dimensiones 4\p\s.
597 #1 - NOTA DE DESCRIPCIÓN FÍSICA
NOTA DE DESCRIPCIÓN FÍSICA Sign.: *\p4\s, A-Z\p8\s, 2A-2L\p8\s, 2M\p8\s.
597 #1 - NOTA DE DESCRIPCIÓN FÍSICA
NOTA DE DESCRIPCIÓN FÍSICA Port. a dos tintas.
597 #1 - NOTA DE DESCRIPCIÓN FÍSICA
NOTA DE DESCRIPCIÓN FÍSICA Port. con grab. xil.
597 #1 - NOTA DE DESCRIPCIÓN FÍSICA
NOTA DE DESCRIPCIÓN FÍSICA Texto a dos col.
650 #4 - PUNTO DE ACCESO ADICIONAL DE MATERIA--TÉRMINO DE MATERIA
Término de materia o nombre geográfico como elemento de entrada Lengua española-
Subdivisión general Frances-
Subdivisión de forma Diccionarios.
9 (RLIN) 223456
700 11 - ENTRADA AGREGADA--NOMBRE PERSONAL
Nombre de persona Oudin, Antonio.
9 (RLIN) 130747
700 11 - ENTRADA AGREGADA--NOMBRE PERSONAL
Nombre de persona Mommaert, Jean.
9 (RLIN) 130041
700 11 - ENTRADA AGREGADA--NOMBRE PERSONAL
Nombre de persona Mommaert, Jean,
Término indicativo de función/relación
9 (RLIN) 130041
752 ## - ENTRADA AGREGADA--NOMBRE JERÁRQUICO DEL LUGAR
País o entidad superior Bélgica -
Ciudad Bruselas
852 ## - LOCALIZACIÓN
Ubicación ES-MaACL
Número de control de estantería R-800(1)
Nota libre -- Enc. perg.
Encuadernación -- Edic.: Las sign. son: *\p4\s, A-2L\p8\s, 2M\p2\s
-- Olim: G-5752
Holdings
Estatus retirado Estado de pérdida Estado de daño No para préstamo Colección Biblioteca de origen Biblioteca actual Ubicación en estantería Fecha de adquisición Fuente de adquisición Total de préstamos Signatura topográfica completa Código de barras Visto por última vez Precio de reemplazo Tipo de ítem Koha
        Libros del s. XVII Biblioteca del Ateneo de Madrid Biblioteca del Ateneo de Madrid Depósito 17/01/2008     R-800(1) 1168806 23/02/2023 23/02/2023 Libro impreso antiguo